[Event "SVK-ch U16 Girls"]
[Site "Dudince"]
[Date "2023.04.22"]
[Round "8"]
[White "Hudakova, Nina"]
[Black "Szotkovska, Natalia"]
[Result "1-0"]
[WhiteElo "1112"]
[BlackElo "1190"]
[PlyCount "87"]
[EventDate "2023.04.16"]
[EventType "swiss"]
[EventRounds "9"]
[EventCountry "SVK"]
[SourceTitle "CBM 213 Extra"]
[Source "ChessBase"]
[SourceDate "2023.05.31"]
[SourceVersion "1"]
[SourceVersionDate "2023.05.31"]
[SourceQuality "1"]

1. Nf3 Nf6 2. d4 d5 3. Bf4 Bf5 4. e3 e6 5. Nbd2 a6 6. c4 c5 7. cxd5 Nxd5 8. Bg3 Nc6 9. e4 Bg6 10. exd5 Qxd5 11. Bc4 Qd7 12. dxc5 Bxc5 13. 0-0 Bh5 14. Ne4 Qxd1 15. Rfxd1 Bxf3 16. gxf3 Be7 17. Bd6 0-0 18. Bxe7 Nxe7 19. Rd7 b5 20. Bxb5 axb5 21. Rxe7 Ra4 22. b3 Rd4 23. Rc1 Ra8 24. Rcc7 Rf8 25. Ng5 Rf4 26. Nxe6 Rxf3 27. Nxf8 Kxf8 28. Kg2 Rf6 29. a4 bxa4 30. bxa4 Rg6+ 31. Kf1 Rf6 32. a5 g6 33. Rxf7+ Rxf7 34. Rxf7+ Kxf7 35. a6 Kf6 36. a7 h5 37. a8Q Kf5 38. Kg2 Kg4 39. Qe4+ Kg5 40. h4+ Kh6 41. Kg3 Kg7 42. f4 Kf6 43. Qe5+ Kf7 44. f5 1-0

[Event "SVK-ch U14 Girls"]
[Site "Stara Lubovna"]
[Date "2021.07.03"]
[Round "9"]
[White "Hudakova, Nina"]
[Black "Bochnickova, Simona"]
[Result "0-1"]
[WhiteElo "1108"]
[BlackElo "1718"]
[PlyCount "80"]
[EventDate "2021.06.26"]
[EventType "swiss"]
[EventRounds "9"]
[EventCountry "SVK"]
[SourceTitle "CBM 203 Extra"]
[Source "ChessBase"]
[SourceDate "2021.09.30"]
[SourceVersion "1"]
[SourceVersionDate "2021.09.30"]
[SourceQuality "1"]

1. e4 e5 2. Nf3 Nc6 3. Bc4 Nf6 4. d3 Be7 5. 0-0 0-0 6. Re1 d6 7. c3 Na5 8. Bb5 a6 9. Ba4 b5 10. Bc2 c5 11. b4 Nc6 12. a3 a5 13. bxc5 dxc5 14. Bb2 Qb6 15. Qd2 Rd8 16. Qe2 Ba6 17. Rd1 Ra7 18. Bc1 Rad7 19. Be3 Ng4 20. h3 Nxe3 21. Qxe3 Qc7 22. Nbd2 a4 23. Nf1 Na5 24. Ng3 g6 25. h4 Bf6 26. h5 Qd6 27. hxg6 hxg6 28. Kh2 Kg7 29. Rh1 Rh8+ 30. Kg1 Rxh1+ 31. Kxh1 c4 32. Rd1 Qxa3 33. Qb6 Qxc3 34. Rd2 Nb3 35. Bxb3 cxb3 36. Qxa6 Qc1+ 37. Kh2 b2 38. Qxb5 Rd8 39. Qxb2 Rh8+ 40. Nh4 Rxh4# 0-1

[Event "SVK-ch U14 Girls"]
[Site "Stara Lubovna"]
[Date "2021.07.02"]
[Round "8"]
[White "Kapolkova, Greta"]
[Black "Hudakova, Nina"]
[Result "1-0"]
[WhiteElo "1472"]
[BlackElo "1108"]
[PlyCount "89"]
[EventDate "2021.06.26"]
[EventType "swiss"]
[EventRounds "9"]
[EventCountry "SVK"]
[SourceTitle "CBM 203 Extra"]
[Source "ChessBase"]
[SourceDate "2021.09.30"]
[SourceVersion "1"]
[SourceVersionDate "2021.09.30"]
[SourceQuality "1"]

1. e4 e5 2. Nf3 Nf6 3. Nc3 Nc6 4. Bb5 Nd4 5. Bc4 Nc6 6. d3 h6 7. 0-0 Bc5 8. Qe2 0-0 9. Na4 Bd4 10. c3 Bb6 11. Nxb6 axb6 12. Re1 d6 13. Bd2 Re8 14. a3 Qe7 15. Rad1 Bg4 16. h3 Bh5 17. Rc1 Nd8 18. Qe3 Ne6 19. Nh4 Nh7 20. Qg3 Nhg5 21. Nf5 Qf6 22. h4 Nh7 23. Bxe6 Rxe6 24. Bxh6 Bg6 25. Bxg7 Qd8 26. h5 Bxh5 27. Bf6+ Kf8 28. Qg7+ Ke8 29. Bxd8 Rxd8 30. Qxh7 Bg6 31. Qh3 c5 32. Ng7+ Ke7 33. Nxe6 fxe6 34. Re3 Kd7 35. Rg3 Be8 36. Rg7+ Kc6 37. Qxe6 Bd7 38. Qd5+ Kb5 39. Qxb7 Bc8 40. c4+ Ka5 41. b4+ Ka4 42. Qxb6 Rd7 43. Qb5+ Kxa3 44. bxc5 Rb7 45. Ra1# 1-0

[Event "SVK-ch U12 Girls"]
[Site "Liptovsky Mikulas"]
[Date "2019.04.30"]
[Round "9"]
[White "Cirska, Nina"]
[Black "Hudakova, Nina"]
[Result "1-0"]
[WhiteElo "1145"]
[BlackElo "1051"]
[PlyCount "129"]
[EventDate "2019.04.23"]
[EventType "swiss"]
[EventRounds "9"]
[EventCountry "SVK"]
[SourceTitle "CBM 190 Extra"]
[Source "ChessBase"]
[SourceDate "2019.07.15"]
[SourceVersion "1"]
[SourceVersionDate "2019.07.15"]
[SourceQuality "1"]

1. e4 e5 2. Nf3 Nf6 3. Nc3 Nc6 4. d4 d6 5. Bb5 a6 6. Bxc6+ bxc6 7. dxe5 Nd7 8. exd6 Bxd6 9. 0-0 0-0 10. Be3 Re8 11. Qd2 h6 12. Bf4 Bc5 13. a3 Qf6 14. b4 Bb6 15. Rfe1 Qg6 16. Bg3 Nf6 17. Nh4 Qh5 18. Qd3 Qg4 19. h3 Qg5 20. Na4 Ba7 21. c4 c5 22. Nf3 Qg6 23. Nc3 Nh5 24. Ne5 Qg5 25. h4 Qf6 26. Nd5 Qd6 27. Nxf7 Qd7 28. Ne5 Qd6 29. Bh2 cxb4 30. Nxb4 Qf6 31. Nf3 Bb7 32. Bxc7 Re6 33. Nd5 Qg6 34. Rad1 Rae8 35. Nc3 Nf4 36. Bxf4 Qg4 37. Bg3 Qxg3 38. Nd4 Qxh4 39. g3 Qf6 40. Nd5 Qf7 41. Nf4 Bxe4 42. Qc3 Rf6 43. Qe3 g5 44. Nh3 Rf3 45. Qe2 Rxa3 46. Kh2 h5 47. Nxg5 Qf6 48. Nxe4 Qf7 49. Nf6+ Qxf6 50. Qxe8+ Kg7 51. Qe7+ Kg6 52. Re6 Qxe6 53. Qxe6+ Kg7 54. Qe7+ Kg6 55. Qxa3 Bb8 56. Qxa6+ Kg5 57. Qb5+ Kf6 58. Qxb8 h4 59. Re1 hxg3+ 60. Kxg3 Kg5 61. Qe5+ Kg6 62. Kf4 Kf7 63. Qd6 Kg8 64. Re7 Kf8 65. Qd8# 1-0

[Event "SVK-ch U12 Girls"]
[Site "Liptovsky Mikulas"]
[Date "2019.04.29"]
[Round "8"]
[White "Bochnickova, Simona"]
[Black "Hudakova, Nina"]
[Result "1-0"]
[WhiteElo "1639"]
[BlackElo "1051"]
[PlyCount "117"]
[EventDate "2019.04.23"]
[EventType "swiss"]
[EventRounds "9"]
[EventCountry "SVK"]
[SourceTitle "CBM 190 Extra"]
[Source "ChessBase"]
[SourceDate "2019.07.15"]
[SourceVersion "1"]
[SourceVersionDate "2019.07.15"]
[SourceQuality "1"]

1. e4 e5 2. Nf3 Nf6 3. d4 d6 4. Nc3 Nc6 5. Bb5 Bd7 6. 0-0 Be7 7. Re1 0-0 8. Bxc6 Bxc6 9. dxe5 dxe5 10. Qxd8 Raxd8 11. Nxe5 Rd6 12. Nd3 Rfd8 13. e5 R6d7 14. exf6 Bxf6 15. Bf4 h6 16. h3 Ba4 17. Nxa4 c6 18. Nac5 Rd5 19. Ne4 Be7 20. Nc3 R5d7 21. Rad1 Bf6 22. Nc5 Rxd1 23. Rxd1 Rxd1+ 24. Nxd1 b6 25. Ne4 Be7 26. Kf1 Kf8 27. Bd6 Bxd6 28. Nxd6 Ke7 29. Nc8+ Ke6 30. Nxa7 c5 31. Ke2 Kd5 32. Kd3 f5 33. Ne3+ Ke6 34. Nxf5 Kxf5 35. Nc8 Ke5 36. Nxb6 Kd6 37. a4 Kc6 38. Nc4 g5 39. Ne5+ Kb6 40. Nd7+ Kc6 41. Nxc5 Kxc5 42. Kc3 h5 43. b4+ Kd5 44. a5 g4 45. hxg4 hxg4 46. a6 Kc6 47. b5+ Kb6 48. Kc4 Kc7 49. Kc5 Kd7 50. a7 Ke6 51. a8Q Kf6 52. Qe4 Kf7 53. Qe5 Kg8 54. Qe7 Kh8 55. Kd6 Kg8 56. Ke6 Kh8 57. Qf7 g3 58. Kf6 gxf2 59. Qg7# 1-0

[Event "SVK-ch U12 Girls"]
[Site "Liptovsky Mikulas"]
[Date "2019.04.28"]
[Round "7"]
[White "Hudakova, Nina"]
[Black "Dudova, Viktoria"]
[Result "1-0"]
[WhiteElo "1051"]
[BlackElo "1000"]
[PlyCount "105"]
[EventDate "2019.04.23"]
[EventType "swiss"]
[EventRounds "9"]
[EventCountry "SVK"]
[SourceTitle "CBM 190 Extra"]
[Source "ChessBase"]
[SourceDate "2019.07.15"]
[SourceVersion "1"]
[SourceVersionDate "2019.07.15"]
[SourceQuality "1"]

1. e4 c5 2. Nf3 d6 3. Bc4 g6 4. Nc3 Bg7 5. 0-0 e6 6. d3 Ne7 7. Re1 0-0 8. e5 Nbc6 9. exd6 Qxd6 10. Bg5 h6 11. Bxe7 Qxe7 12. Qd2 Rd8 13. Re4 Na5 14. Rae1 f5 15. Bxe6+ Kh8 16. Bxf5 Qf7 17. Bxc8 Raxc8 18. b3 Re8 19. Rxe8+ Rxe8 20. Nb5 Rxe1+ 21. Qxe1 a6 22. Qxa5 axb5 23. Qxb5 Qf6 24. Qe8+ Kh7 25. a3 Qa1+ 26. Qe1 Bc3 27. Qxa1 Bxa1 28. b4 cxb4 29. axb4 Bc3 30. b5 b6 31. Kf1 Kg7 32. Ke2 Kf7 33. Ke3 Ke6 34. Ke4 Kd6 35. g4 Kc5 36. Ne5 Kxb5 37. Nxg6 Kb4 38. Ne5 b5 39. f4 Ka3 40. f5 Bxe5 41. Kxe5 Kb2 42. f6 Kxc2 43. f7 Kxd3 44. f8Q Kc4 45. Qd6 b4 46. Qc6+ Kb3 47. Kd4 h5 48. Qc4+ Ka3 49. Qc5 hxg4 50. Kc4 g3 51. Qxb4+ Ka2 52. Kc3 gxh2 53. Qb2# 1-0

[Event "SVK-ch U12 Girls"]
[Site "Liptovsky Mikulas"]
[Date "2019.04.26"]
[Round "5"]
[White "Kapolkova, Greta"]
[Black "Hudakova, Nina"]
[Result "1-0"]
[WhiteElo "1393"]
[BlackElo "1051"]
[PlyCount "105"]
[EventDate "2019.04.23"]
[EventType "swiss"]
[EventRounds "9"]
[EventCountry "SVK"]
[SourceTitle "CBM 190 Extra"]
[Source "ChessBase"]
[SourceDate "2019.07.15"]
[SourceVersion "1"]
[SourceVersionDate "2019.07.15"]
[SourceQuality "1"]

1. e4 e5 2. f4 Nc6 3. Nf3 exf4 4. Bb5 Nf6 5. Nc3 a6 6. Bxc6 dxc6 7. d4 Bb4 8. Qe2 g5 9. a3 Bxc3+ 10. bxc3 h6 11. Rb1 Bg4 12. Rxb7 Bxf3 13. Qxf3 Rb8 14. Rxb8 Qxb8 15. 0-0 0-0 16. e5 Nd5 17. c4 Ne7 18. Qb3 Qa7 19. c3 c5 20. d5 f6 21. e6 Rd8 22. Rd1 Nf5 23. Kf2 Kg7 24. Re1 Re8 25. Qa4 Re7 26. Qb3 Kg6 27. Bd2 Qa8 28. Qa4 Kh5 29. Rg1 Kg6 30. Qc2 h5 31. h3 g4 32. Bxf4 Qd8 33. Re1 a5 34. a4 Qb8 35. Rd1 Qb7 36. Rb1 Qc8 37. Qe4 Qd8 38. Rb5 c6 39. Rxc5 cxd5 40. cxd5 Qb6 41. Qc4 Qb2+ 42. Qe2 Qb6 43. Qb5 Qa7 44. Qxa5 Qb7 45. Qb5 Qa7 46. Kf1 Rb7 47. Qe8+ Kh7 48. Qxh5+ Kg7 49. Qxg4+ Kh7 50. Qxf5+ Kg8 51. Qg6+ Kf8 52. Bd6+ Re7 53. Rc8# 1-0

[Event "SVK-ch U10 Girls"]
[Site "Liptovsky Mikulas"]
[Date "2018.04.23"]
[Round "4"]
[White "Hudakova, Nina"]
[Black "Kaufmanova, Karin"]
[Result "1-0"]
[WhiteElo "1106"]
[BlackElo "1092"]
[PlyCount "69"]
[EventDate "2018.04.21"]
[EventType "swiss"]
[EventRounds "9"]
[EventCountry "SVK"]
[SourceTitle "CBM 184 Extra"]
[Source "ChessBase"]
[SourceDate "2018.06.28"]
[SourceVersion "1"]
[SourceVersionDate "2018.06.28"]
[SourceQuality "1"]

1. e4 e5 2. Nf3 Nc6 3. c4 Nf6 4. Nc3 d6 5. g3 Be7 6. Bg2 Bg4 7. 0-0 0-0 8. d3 Nd4 9. Be3 Nxf3+ 10. Bxf3 Bxf3 11. Qxf3 Qd7 12. Nd5 Nxd5 13. exd5 c6 14. Rac1 Rfe8 15. Rfe1 Qh3 16. Bd2 Bd8 17. Re4 Rc8 18. Rg4 Be7 19. Re1 Bf6 20. Ree4 cxd5 21. cxd5 a5 22. Qxf6 g6 23. Rh4 Qf5 24. Qxd6 Rc2 25. Bf4 Rec8 26. Qxe5 Qxe5 27. Bxe5 Re8 28. d4 Rc5 29. Rh6 Rd8 30. Rhh4 Rcxd5 31. Rxh7 Kf8 32. Bc7 Re8 33. Be5 g5 34. Reh4 Re7 35. Rh8# 1-0

[Event "SVK-ch U10 Girls"]
[Site "Liptovsky Mikulas"]
[Date "2017.04.28"]
[Round "9"]
[White "Hudakova, Nina"]
[Black "Filipiak, Magdalena"]
[Result "0-1"]
[WhiteElo "1000"]
[BlackElo "1195"]
[PlyCount "40"]
[EventDate "2017.04.22"]
[EventType "swiss"]
[EventRounds "9"]
[EventCountry "SVK"]
[SourceTitle "CBM 178 Extra"]
[Source "ChessBase"]
[SourceDate "2017.06.22"]
[SourceVersion "1"]
[SourceVersionDate "2017.06.22"]
[SourceQuality "1"]

1. e4 e5 2. Bc4 Bc5 3. Nf3 Nc6 4. 0-0 Nf6 5. d3 d6 6. c3 0-0 7. h3 h6 8. Nbd2 Be6 9. Bb3 Ne7 10. Re1 Ng6 11. Nf1 Qd7 12. Ng3 Nf4 13. Nh4 Bxh3 14. gxh3 Nxh3+ 15. Kf1 Nxf2 16. Qe2 Qh3+ 17. Kg1 N2g4+ 18. Be3 Qxg3+ 19. Ng2 Bxe3+ 20. Kf1 Nh2# 0-1

[Event "SVK-ch U10 Girls"]
[Site "Liptovsky Mikulas"]
[Date "2017.04.25"]
[Round "5"]
[White "Hudakova, Nina"]
[Black "Kapolkova, Greta"]
[Result "0-1"]
[WhiteElo "1000"]
[BlackElo "1000"]
[PlyCount "118"]
[EventDate "2017.04.22"]
[EventType "swiss"]
[EventRounds "9"]
[EventCountry "SVK"]
[SourceTitle "CBM 178 Extra"]
[Source "ChessBase"]
[SourceDate "2017.06.22"]
[SourceVersion "1"]
[SourceVersionDate "2017.06.22"]
[SourceQuality "1"]

1. e4 e5 2. Bc4 Nf6 3. d3 Bc5 4. Nf3 Nc6 5. 0-0 d6 6. c3 Bg4 7. h3 Be6 8. Bb3 Na5 9. Bc2 Nc6 10. Nbd2 Qd7 11. d4 exd4 12. cxd4 Nxd4 13. Nxd4 Bxd4 14. Ba4 c6 15. Nf3 Bc5 16. Re1 Qc7 17. Qd3 Qb6 18. Re2 Qa5 19. Bc2 Qb4 20. a3 Qc4 21. Qd2 0-0 22. Bd3 Qb3 23. Nh2 Bc4 24. Bc2 Qb5 25. Re1 Bb6 26. Qg5 Qc5 27. Kh1 Qxf2 28. Bf4 Qxc2 29. Rac1 Qxb2 30. Bxd6 Rfd8 31. Rb1 Qf2 32. Rbc1 Be3 33. Rxe3 Rxd6 34. Rxc4 Rd1+ 35. Nf1 h6 36. Qe5 Re8 37. Rf3 Qe2 38. Qg3 Qxc4 39. Qh4 Rxe4 40. Qg3 Ree1 41. Rf4 Rxf1+ 42. Rxf1 Rxf1+ 43. Kh2 Ne4 44. Qe5 Qd5 45. Qc7 Qd6+ 46. Qxd6 Nxd6 47. Kg3 g5 48. Kg4 Kg7 49. g3 Kg6 50. h4 h5+ 51. Kh3 gxh4 52. gxh4 Rf4 53. Kg3 Rg4+ 54. Kh3 Kf5 55. Kh2 Kf4 56. Kh3 Nc4 57. a4 b6 58. a5 bxa5 59. Kh2 Rxh4+ 0-1

[Event "SVK-ch U10 Girls"]
[Site "Liptovsky Mikulas"]
[Date "2017.04.23"]
[Round "3"]
[White "Cirska, Nina"]
[Black "Hudakova, Nina"]
[Result "0-1"]
[WhiteElo "1000"]
[BlackElo "1000"]
[PlyCount "70"]
[EventDate "2017.04.22"]
[EventType "swiss"]
[EventRounds "9"]
[EventCountry "SVK"]
[SourceTitle "CBM 178 Extra"]
[Source "ChessBase"]
[SourceDate "2017.06.22"]
[SourceVersion "1"]
[SourceVersionDate "2017.06.22"]
[SourceQuality "1"]

1. e4 e5 2. Nf3 Nf6 3. Nc3 Nc6 4. Bb5 Bc5 5. Bxc6 dxc6 6. Nxe5 Bxf2+ 7. Kxf2 Qd4+ 8. Ke2 Qxe5 9. d3 Bg4+ 10. Kf2 Bxd1 11. Rxd1 Qxh2 12. Re1 Qh4+ 13. Ke2 0-0-0 14. Rf1 Qg3 15. Rg1 Ng4 16. Nd1 Rhe8 17. b3 Re6 18. Bb2 Rde8 19. Bxg7 f6 20. Kd2 Rd8 21. Kc1 Qe5 22. Rb1 Qf4+ 23. Kb2 Qh2 24. Nc3 Qe5 25. Rbf1 b5 26. Rf5 Qd4 27. a3 Qxg1 28. b4 Ne3 29. Rxf6 Rxf6 30. Bxf6 Rf8 31. Bd4 Nd1+ 32. Nxd1 Qxd1 33. Bc3 Rf1 34. e5 Qa1+ 35. Kb3 Rb1+ 0-1